Word Answers Start with "Gar-" - Statistics

General Stats
  • This quiz has been taken 181 times
    165 since last reset
  • The average score is 12 of 20
Answer Stats
Hint Answer % Correct
A building for housing a vehicle garage
97%
President or fictional cat Garfield
91%
To wash one's throat by exhaling through a liquid gargle
84%
An item of clothing garment
79%
Decoration or embellishment for food garnish
76%
Grotesque statue projecting from a building gutter gargoyle
74%
A deep red precious stone garnet
72%
Enormous gargantuan
69%
Country star Brooks Garth
69%
Swedish-born US actress Greta Garbo
63%
The troops stationed in a fortress to defend it garrison
61%
A band worn around the leg to keep up a sock garter
59%
To gather or collect (perhaps approval) garner
56%
Obtrusively bright and showy; lurid garish
48%
A wire used to strangle someone garrote
48%
Jerry who fronted the Grateful Dead Garcia
42%
Shirley Manson's band Garbage
41%
A chickpea garbanzo
41%
Golden Age actress Ava of The Killers Gardner
40%
Marcus who influenced Rastafarianism Garvey
20%
No matching quizzes found
Score Distribution
Percent of People with Each Score
Percentile by Number Answered
Your Score History
You have not taken this quiz since the last reset